| 000 | 00447nam a2200181Ia 4500 | ||
|---|---|---|---|
| 008 | 221030s9999 xx 000 0 und d | ||
| 020 | _a8129704110 | ||
| 041 | _aEnglish | ||
| 082 |
_a105.23 _bDan |
||
| 100 | _aJ. D. Daniels | ||
| 245 | 0 | _aInternational Business Environment & Operations | |
| 250 | _a10th | ||
| 260 |
_bPearson Education _aDelhi _c2003 |
||
| 300 | _a701 | ||
| 650 | _aManagement | ||
| 700 | _aL. H. Radebaugh | ||
| 942 | _cBK | ||
| 999 |
_c1925 _d1925 |
||